Linear circuits
Contents: Chapter 15: Introduction to Sine Waves and the Frequency Domain Chapter 16: Frequency - Domain Networks Chapter 17: Mutual Inductance, Unity - Coupled Coils, and Transformers Chapter 18: Magnitude and Phase Response Curves Chapter 19: Power and Energy in Alternating- currenr Circuits Chapt...
Bewaard in:
| Hoofdauteur: | |
|---|---|
| Formaat: | Boek |
| Taal: | Undetermined |
| Gepubliceerd in: |
London
Addison-Wesley
1960
|
| Onderwerpen: | |
| Tags: |
Voeg label toe
Geen labels, Wees de eerste die dit record labelt!
|
| Thư viện lưu trữ: | Trung tâm Học liệu Trường Đại học Cần Thơ |
|---|
| LEADER | 01112nam a2200193Ia 4500 | ||
|---|---|---|---|
| 001 | CTU_14125 | ||
| 008 | 210402s9999 xx 000 0 und d | ||
| 082 | |a 621.3192 | ||
| 082 | |b S425/P.2 | ||
| 100 | |a Scott, Ronald E. | ||
| 245 | 0 | |a Linear circuits | |
| 245 | 0 | |c Ronald E. Scott, Martin W. Essigmann | |
| 260 | |a London | ||
| 260 | |b Addison-Wesley | ||
| 260 | |c 1960 | ||
| 520 | |a Contents: Chapter 15: Introduction to Sine Waves and the Frequency Domain Chapter 16: Frequency - Domain Networks Chapter 17: Mutual Inductance, Unity - Coupled Coils, and Transformers Chapter 18: Magnitude and Phase Response Curves Chapter 19: Power and Energy in Alternating- currenr Circuits Chapter 20: Signal Analysis in the Frequency Domain Chapter 21. Network Response to Complex Waves of Excitation Chapter 22. Problems Solved by Laplace Transforms Chapter 23. Power and Energy Relationships in Networks Excited by Arbittrary Functions | ||
| 650 | |a Electric circuits, Linear,Mạch tuyến tính | ||
| 904 | |i Nguyễn Quang Điền, Gia Linh,Hải | ||
| 980 | |a Trung tâm Học liệu Trường Đại học Cần Thơ | ||